000 00646nam a2200265Ia 4500
005 20250425161843.0
008 250425s9999 xx 000 0 und d
020 _a9580414513
041 _aspa
043 _ack
082 _a658
100 _aGAMBOA VELASQUEZ, RAMIRO
245 0 _aFINANZAS
250 _a1A ED.
260 _aBOGOTA
260 _aColombia
_bGRUPO EDITORIAL NORMA
_c1993
300 _a129
500 _aCURSO BASICO DE ADMINISTRACION DE EMPRESAS
650 _aADMINISTRACION
650 _aANALISIS FINANCIERO
650 _aFINANZAS
710 _aGRUPO EDITORIAL NORMA S.A.
942 _c01
010 _a32422
999 _c217486
_d217486